[Event "2017MOK"]
[Site "Calgary"]
[Date "2017.??.??"]
[Round "2.10"]
[White "Papneja, Arul"]
[Black "Darvekar, Yash"]
[Result "1-0"]
[WhiteElo "1632"]
[BlackElo "1153"]
[PlyCount "67"]
[EventDate "2017.??.??"]
[SourceDate "2017.09.01"]

1. e4 e6 2. b3 d5 3. Bb2 dxe4 4. Nc3 Nf6 5. Qe2 Bc5 6. Nxe4 Nxe4 7. Qxe4 f6 8.
Bc4 e5 9. f4 Qe7 10. fxe5 fxe5 11. Qxe5 Qxe5+ 12. Bxe5 b6 13. Ne2 Bb7 14. d4
Nd7 15. Bxg7 Rf8 16. Bxf8 Bxf8 17. O-O O-O-O 18. Rae1 Bd6 19. Nf4 Bxf4 20. Rxf4
Kb8 21. Re7 a6 22. Rff7 Nf8 23. Rxc7 Bc8 24. c3 Bd7 25. Rxf8 Kxc7 26. Rxd8 Kxd8
27. Bxa6 Kc7 28. Bd3 h6 29. c4 Kd6 30. b4 Kc6 31. c5 bxc5 32. dxc5 Be6 33. a3
Bc8 34. Kf2 1-0

[Event "InternationalQualifier"]
[Site "Calgary"]
[Date "2017.??.??"]
[Round "1.9"]
[White "Daniluk, Jim"]
[Black "Darvekar, Yash"]
[Result "1-0"]
[WhiteElo "2020"]
[BlackElo "1455"]
[PlyCount "33"]
[EventDate "2017.??.??"]
[SourceDate "2017.09.01"]

1. d4 d5 2. Nf3 c5 3. g3 Nc6 4. Bg2 Bf5 5. O-O cxd4 6. Nxd4 Nxd4 7. Qxd4 Bxc2
8. Qxd5 Nf6 9. Qxb7 Rc8 10. Nc3 Rc7 11. Qa6 Bf5 12. Rd1 Rd7 13. Bc6 e6 14. Bg5
e5 15. Qb5 Qc7 16. Bxf6 gxf6 17. Nd5 1-0

[Event "2017 Red Deer Open"]
[Site "?"]
[Date "2017.05.14"]
[Round "4"]
[White "Findlay, Ian"]
[Black "Darvekar, Yash"]
[Result "1-0"]
[WhiteElo "2292"]
[BlackElo "1410"]
[PlyCount "75"]
[EventDate "2017.??.??"]
[SourceDate "2017.09.01"]

1. e4 c5 2. Nf3 g6 3. d4 cxd4 4. Nxd4 Nc6 5. Be3 Nf6 6. Nc3 d6 7. f3 Bg7 8. Qd2
O-O 9. O-O-O Qa5 10. Kb1 Qb4 11. Nb3 a5 12. a3 Nxe4 13. Nxe4 Qxd2 14. Rxd2 f5
15. Ng5 Bh6 16. Bc4+ e6 17. Rxd6 f4 18. Nxe6 Bxe6 19. Bxe6+ Kg7 20. Bf2 Rf6 21.
Rhd1 Re8 22. Bc4 Rxd6 23. Rxd6 Kh8 24. Bb5 Rc8 25. Bxc6 bxc6 26. Nxa5 c5 27.
Nc4 Bf8 28. Rd7 Re8 29. a4 Re2 30. Rd2 Re8 31. c3 Rb8 32. Kc2 Ra8 33. a5 Be7
34. Rd7 Bd8 35. Bxc5 Bxa5 36. Bd4+ Kg8 37. Rg7+ Kf8 38. Rxh7 1-0

[Event "2017JohnSchleinich"]
[Site "Calgary"]
[Date "2017.??.??"]
[Round "2.6"]
[White "Ebrahim-Shirazi, Behrooz"]
[Black "Dave, Bhavik"]
[Result "1-0"]
[WhiteElo "2066"]
[BlackElo "1909"]
[PlyCount "87"]
[EventDate "2017.??.??"]
[SourceDate "2017.09.01"]

1. d4 Nf6 2. c4 g6 3. Nc3 d5 4. Nf3 Bg7 5. Bg5 Ne4 6. cxd5 Nxg5 7. Nxg5 e6 8.
Nf3 exd5 9. e3 O-O 10. b4 Be6 11. Be2 Nd7 12. O-O Nf6 13. Bd3 Qd6 14. Qc2 a6
15. Na4 Nd7 16. Nc5 Nxc5 17. bxc5 Qc6 18. Rab1 Rfb8 19. Rfc1 Bd7 20. e4 Be6 21.
Re1 dxe4 22. Bxe4 Bd5 23. Bxd5 Qxd5 24. Qb3 Qxb3 25. Rxb3 b6 26. Re7 bxc5 27.
dxc5 Rxb3 28. axb3 Rc8 29. Rd7 Bf6 30. Kf1 Kf8 31. Ke2 Ke8 32. c6 Rb8 33. Rxc7
Rxb3 34. Nd2 Rb2 35. Kd3 Bd8 36. Ra7 Ba5 37. Nc4 Rb3+ 38. Ke4 Rb4 39. Kd5 Rb5+
40. Kd4 Bb6+ 41. Nxb6 Rxb6 42. Ra8+ Ke7 43. c7 Rd6+ 44. Kc5 1-0

[Event "2017JohnSchleinich"]
[Site "Calgary"]
[Date "2017.??.??"]
[Round "3.4"]
[White "Ali, Husain"]
[Black "Dave, Bhavik"]
[Result "1-0"]
[WhiteElo "1821"]
[BlackElo "1909"]
[PlyCount "53"]
[EventDate "2017.??.??"]
[SourceDate "2017.09.01"]

1. e4 e5 2. Nf3 Nc6 3. Bb5 a6 4. Ba4 Nf6 5. O-O Be7 6. Re1 b5 7. Bb3 O-O 8. c3
d5 9. exd5 Nxd5 10. Nxe5 Nxe5 11. Rxe5 c6 12. d4 Bd6 13. Re1 Qh4 14. g3 Qh3 15.
Be3 Bg4 16. Qd3 Rae8 17. Nd2 f5 18. Qf1 Qh5 19. f4 Kh8 20. Bxd5 cxd5 21. Qg2
Qf7 22. Nf3 Bxf3 23. Qxf3 Re4 24. Bd2 Rfe8 25. Kf2 Qc7 26. Rxe4 dxe4 27. Qe2
1-0

[Event "2017MOK"]
[Site "Calgary"]
[Date "2017.??.??"]
[Round "2.6"]
[White "Kostadinov, Georgi"]
[Black "Dave, Bhavik"]
[Result "1-0"]
[WhiteElo "2080"]
[BlackElo "1834"]
[PlyCount "57"]
[EventDate "2017.??.??"]
[SourceDate "2017.09.01"]

1. d4 Nf6 2. c4 g6 3. Nc3 d5 4. cxd5 Nxd5 5. e4 Nxc3 6. bxc3 Bg7 7. Qa4+ Nd7 8.
Qa3 c5 9. Nf3 O-O 10. Bd3 b6 11. O-O Bb7 12. Rb1 Qc7 13. Bg5 Rfe8 14. Rfe1 Rac8
15. Bh4 cxd4 16. cxd4 e5 17. Rbc1 Qb8 18. Rxc8 Rxc8 19. Bg3 f6 20. Bb5 Bc6 21.
Bc4+ Kh8 22. Bb3 Rd8 23. dxe5 fxe5 24. Ng5 Rf8 25. Nf7+ Rxf7 26. Bxf7 Nc5 27.
Bd5 Bb5 28. h3 Bh6 29. Qd3 1-0

[Event "2017MOK"]
[Site "Calgary"]
[Date "2017.??.??"]
[Round "4.5"]
[White "Daniluk, Jim"]
[Black "Dave, Bhavik"]
[Result "1-0"]
[WhiteElo "1951"]
[BlackElo "1834"]
[PlyCount "77"]
[EventDate "2017.??.??"]
[SourceDate "2017.09.01"]

1. d4 Nf6 2. Nf3 g6 3. c4 Bg7 4. g3 O-O 5. Bg2 c6 6. O-O d5 7. Nc3 dxc4 8. a4
Be6 9. e4 a5 10. h3 Na6 11. Qe2 Qc8 12. Ng5 Nb4 13. Be3 Rd8 14. Rfd1 h6 15.
Nxe6 Qxe6 16. Rd2 Rd7 17. e5 Nfd5 18. Ne4 Nd3 19. b3 b5 20. bxc4 bxc4 21. Rc2
Nxe3 22. fxe3 Rb7 23. Nd2 Rb2 24. Nxc4 Qxc4 25. Rxb2 Nxb2 26. Qxb2 Qd3 27. Ra3
Qd1+ 28. Kh2 Rf8 29. Qb3 Qxb3 30. Rxb3 Rc8 31. Rc3 e6 32. Rc5 Ra8 33. Rxc6 Ra7
34. Rc8+ Bf8 35. e4 Kg7 36. d5 exd5 37. exd5 Bb4 38. d6 f6 39. Rc7+ 1-0

[Event "2017JohnSchleinich"]
[Site "Calgary"]
[Date "2017.??.??"]
[Round "1.10"]
[White "Chandra, Anand Rishi"]
[Black "Ding, Alice"]
[Result "1-0"]
[WhiteElo "1617"]
[BlackElo "791"]
[PlyCount "22"]
[EventDate "2017.??.??"]
[SourceDate "2017.09.01"]

1. e4 c5 2. Nf3 d6 3. d4 cxd4 4. Nxd4 Nf6 5. Nc3 g6 6. Be3 Bg7 7. f3 Nc6 8. Be2
Bd7 9. O-O O-O 10. Qd2 Rc8 11. Ndb5 Re8 1-0

[Event "2017JohnSchleinich"]
[Site "Calgary"]
[Date "2017.??.??"]
[Round "2.12"]
[White "Stacey, George"]
[Black "Ding, Alice"]
[Result "0-1"]
[WhiteElo "984"]
[BlackElo "791"]
[PlyCount "46"]
[EventDate "2017.??.??"]
[SourceDate "2017.09.01"]

1. d4 d5 2. Bf4 Nf6 3. e3 e6 4. Nd2 Be7 5. Bd3 Nc6 6. c3 Bd6 7. Bg3 Bxg3 8.
hxg3 Bd7 9. Ngf3 Qe7 10. Qe2 e5 11. dxe5 Nxe5 12. Nxe5 Qxe5 13. Nf3 Qd6 14. Nd4
O-O-O 15. Bf5 g6 16. Bxd7+ Rxd7 17. O-O h5 18. f4 Ne4 19. Kh2 h4 20. Rf3 hxg3+
21. Kg1 Rh5 22. Nb3 Rd8 23. Nd2 Rdh8 0-1

[Event "2017JohnSchleinich"]
[Site "Calgary"]
[Date "2017.??.??"]
[Round "1.7"]
[White "Papneja, Arul"]
[Black "Dodd, Mark"]
[Result "1-0"]
[WhiteElo "1785"]
[BlackElo "1686"]
[PlyCount "28"]
[EventDate "2017.??.??"]
[SourceDate "2017.09.01"]

1. e4 c6 2. d4 d5 3. Nc3 dxe4 4. Nxe4 Nd7 5. Ng5 Ngf6 6. Bd3 e6 7. c3 Be7 8.
Qe2 h6 9. N5h3 O-O 10. Qc2 Nb6 11. Bd2 Qc7 12. Bf4 Bd6 13. Bxd6 Qxd6 14. O-O-O
Nbd5 1-0

[Event "2017JohnSchleinich"]
[Site "Calgary"]
[Date "2017.??.??"]
[Round "3.8"]
[White "Timmerman, Brian"]
[Black "Dodd, Mark"]
[Result "1-0"]
[WhiteElo "1698"]
[BlackElo "1686"]
[PlyCount "47"]
[EventDate "2017.??.??"]
[SourceDate "2017.09.01"]

1. e4 c6 2. Nc3 d5 3. Nf3 Bg4 4. h3 Bh5 5. exd5 cxd5 6. Bb5+ Nc6 7. g4 Bg6 8.
Ne5 Qc7 9. d4 e6 10. h4 f6 11. Nxg6 hxg6 12. Qd3 Nge7 13. Bd2 a6 14. Ba4 b5 15.
Bb3 g5 16. h5 g6 17. O-O-O gxh5 18. gxh5 Nf5 19. Nxd5 Qf7 20. Nb6 Ncxd4 21.
Nxa8 Nxb3+ 22. axb3 Qb7 23. Ba5 Qxa8 24. Qd7# 1-0

[Event "InternationalQualifier"]
[Site "Calgary"]
[Date "????.??.??"]
[Round "3.1"]
[White "Findlay, Ian"]
[Black "Ebrahim-Shirazi, Behrooz"]
[Result "1-0"]
[WhiteElo "2280"]
[BlackElo "2076"]
[PlyCount "67"]
[SourceDate "2017.09.01"]

1. e4 e6 2. d4 d5 3. Nd2 Nf6 4. e5 Nfd7 5. Bd3 c5 6. c3 Nc6 7. Ne2 f6 8. exf6
Qxf6 9. Nf3 Bd6 10. Bg5 Qf7 11. Bh4 e5 12. dxe5 Ndxe5 13. Nxe5 Bxe5 14. Bg3 O-O
15. O-O Bg4 16. f3 Bd7 17. f4 Bc7 18. f5 Bxg3 19. Nxg3 Ne5 20. Be2 Bc6 21. Qd2
Nd7 22. Bh5 Qe7 23. Rae1 Qd8 24. Bf3 Nf6 25. Re6 Ne4 26. Bxe4 dxe4 27. Qf4 Qd5
28. Qxe4 Qxa2 29. Qe2 Rae8 30. c4 Kh8 31. Re1 Qa4 32. f6 gxf6 33. Re7 Qa5 34.
Nf5 1-0

[Event "2017JohnSchleinich"]
[Site "Calgary"]
[Date "2017.??.??"]
[Round "3.5"]
[White "Rogers, Dustin"]
[Black "Ebrahim-Shirazi, Behrooz"]
[Result "0-1"]
[WhiteElo "1853"]
[BlackElo "2066"]
[PlyCount "96"]
[EventDate "2017.??.??"]
[SourceDate "2017.09.01"]

1. e4 e6 2. d4 d5 3. Nc3 Bb4 4. e5 c5 5. a3 Bxc3+ 6. bxc3 Qa5 7. Bd2 Qa4 8. Qb1
c4 9. Ne2 Nc6 10. g3 Nge7 11. Nf4 Bd7 12. Bh3 h5 13. Qd1 h4 14. Nh5 hxg3 15.
hxg3 Rh7 16. Bxe6 Bxe6 17. Nf6+ gxf6 18. Rxh7 O-O-O 19. exf6 Ng8 20. Bg5 Re8
21. Kf1 Nb8 22. Ra2 Nd7 23. Qf3 Qb5 24. Ra1 Qb2 25. Re1 Qxc2 26. Rh8 Qg6 27.
Rxe6 Rxe6 28. Qxd5 Re8 29. Qxc4+ Kb8 30. Bf4+ Ka8 31. Qc7 Ndxf6 32. Be5 Ng4 33.
Rh4 Nxe5 34. dxe5 Qa6+ 35. Kg1 Qe6 36. Rd4 Qc8 37. Qxf7 Ne7 38. Rc4 Nc6 39. f4
Qd8 40. Qh5 Rh8 41. Qe2 Qd5 42. Re4 Qc5+ 43. Kg2 Qxc3 44. e6 Qf6 45. Qc4 Qh6
46. Re2 Qh1+ 47. Kf2 Rh2+ 48. Ke3 Qg1+ 0-1

[Event "2017JohnSchleinich"]
[Site "Calgary"]
[Date "2017.??.??"]
[Round "4.5"]
[White "Willis, Brad"]
[Black "Ebrahim-Shirazi, Behrooz"]
[Result "1/2-1/2"]
[WhiteElo "1951"]
[BlackElo "2066"]
[PlyCount "38"]
[EventDate "2017.??.??"]
[SourceDate "2017.09.01"]

1. e4 e6 2. d4 d5 3. Nc3 Bb4 4. Bd2 dxe4 5. Qg4 Qxd4 6. O-O-O h5 7. Qg3 Bd6 8.
Qh4 Be7 9. Qg3 Bd6 10. Qh4 Nf6 11. Bh6 Qxd1+ 12. Kxd1 Rxh6 13. Nxe4 Nxe4 14.
Qxe4 Nc6 15. Nf3 Bd7 16. Kc1 O-O-O 17. Bb5 Rg6 18. g3 e5 19. Qe2 Kb8 1/2-1/2

[Event "2017 Trumpeter Classic"]
[Site "Grande Prairie, AB"]
[Date "2017.06.03"]
[Round "3"]
[White "Tim Pradzinski"]
[Black "FM Ian Findlay"]
[Result "1/2-1/2"]
[WhiteElo "1928"]
[BlackElo "2280"]
[PlyCount "71"]
[EventDate "2017.??.??"]
[SourceDate "2017.09.01"]

1. e4 c5 2. Nf3 d6 3. d4 cxd4 4. Nxd4 Nf6 5. Nc3 g6 6. h3 Bg7 7. Be3 Nc6 8. Bb5
Bd7 9. Nxc6 bxc6 10. Bd3 Rb8 11. Rb1 Qa5 12. O-O O-O 13. Qd2 Rfd8 14. Qe2 Be6
15. Bd2 Qc7 16. b3 Nh5 17. g4 Nf4 18. Bxf4 Bxc3 19. Be3 d5 20. Rbd1 Rd7 21. f4
dxe4 22. Bxe4 Rbd8 23. Rd3 Rxd3 24. cxd3 Bd4 25. Bxd4 Rxd4 26. Qf2 Rd8 27. f5
gxf5 28. gxf5 Bd5 29. Kh1 Bxe4+ 30. dxe4 Qe5 31. Rg1+ Kh8 32. Qg2 c5 33. h4 a5
34. h5 h6 35. Qg4 Kh7 36. Qg2 1/2-1/2

[Event "2017 Trumpeter Classic"]
[Site "Grande Prairie, AB"]
[Date "2017.06.03"]
[Round "1"]
[White "Eddy Tjandrajana"]
[Black "FM Ian Findlay"]
[Result "1/2-1/2"]
[WhiteElo "1662"]
[BlackElo "2280"]
[PlyCount "105"]
[EventDate "2017.??.??"]
[SourceDate "2017.09.01"]

1. d4 Nf6 2. Nc3 d5 3. Bg5 Nbd7 4. Nf3 h6 5. Bh4 e6 6. e4 g5 7. Bg3 dxe4 8. Ne5
Nb6 9. h4 Rg8 10. hxg5 hxg5 11. a3 a6 12. Qd2 c5 13. O-O-O cxd4 14. Qxd4 Qxd4
15. Rxd4 Bc5 16. Rd1 Bd7 17. Nxd7 Nbxd7 18. Bc4 Rc8 19. Bb3 Bxa3 20. Kb1 Bb4
21. Ne2 Ke7 22. c3 Bc5 23. Nd4 Rh8 24. Rxh8 Rxh8 25. Bc2 Rc8 26. Nb3 e5 27. Re1
Bd6 28. Nd2 Nc5 29. f3 Nh5 30. Bf2 exf3 31. Nxf3 f6 32. Nd4 Nf4 33. Nf5+ Ke6
34. Rd1 Bf8 35. Ne3 e4 36. Rd4 f5 37. g4 fxg4 38. Bd1 Rc6 39. Bxg4+ Kf6 40. Nf5
Nfd3 41. Bg3 Rb6 42. b4 a5 43. Bc7 Rb5 44. Bd8+ Kf7 45. Nd6+ Bxd6 46. Rxd6 Ne5
47. Bh5+ Kf8 48. Bxg5 axb4 49. c4 Nxc4 50. Rf6+ Kg7 51. Rg6+ Kh7 52. Rh6+ Kg7
53. Rg6+ 1/2-1/2

[Event "InternationalQualifier"]
[Site "Calgary"]
[Date "2017.??.??"]
[Round "3.6"]
[White "Kostadinov, Georgi"]
[Black "Fernando, Ronald"]
[Result "0-1"]
[WhiteElo "2071"]
[BlackElo "200"]
[PlyCount "32"]
[EventDate "2017.??.??"]
[SourceDate "2017.09.01"]

1. d4 f5 2. c4 g6 3. Nc3 Nf6 4. Nf3 Bg7 5. g3 O-O 6. Bg2 d6 7. O-O c6 8. b3 Ne4
9. Bb2 d5 10. Rc1 Bh6 11. e3 Be6 12. Qe2 Nd7 13. c5 Qe8 14. Ne1 Bf7 15. Nd3 g5
16. f3 Nef6 0-1

[Event "2017JohnSchleinich"]
[Site "Calgary"]
[Date "2017.??.??"]
[Round "4.1"]
[White "Nguyen, Kim"]
[Black "Findlay, Ian"]
[Result "0-1"]
[WhiteElo "2130"]
[BlackElo "2289"]
[PlyCount "30"]
[EventDate "2017.??.??"]
[SourceDate "2017.09.01"]

1. d4 Nf6 2. Nf3 c5 3. e3 e6 4. c4 d5 5. Nc3 Nc6 6. a3 a6 7. dxc5 Bxc5 8. Be2
dxc4 9. Qxd8+ Kxd8 10. Bxc4 b5 11. Bd3 Bb7 12. Ne4 Be7 13. Bd2 Nb4 14. axb4
Nxe4 15. Bxe4 Bxe4 0-1

[Event "2017MOK"]
[Site "Calgary"]
[Date "2017.??.??"]
[Round "3.2"]
[White "Kobalenko, Jerry"]
[Black "Findlay, Ian"]
[Result "0-1"]
[WhiteElo "2211"]
[BlackElo "2290"]
[PlyCount "108"]
[EventDate "2017.??.??"]
[SourceDate "2017.09.01"]

1. c4 e6 2. g3 d5 3. Bg2 Nf6 4. Nf3 Be7 5. O-O O-O 6. d4 dxc4 7. Qa4 a6 8. Qxc4
b5 9. Qc2 Bb7 10. Nc3 b4 11. Na4 Be4 12. Qb3 Nc6 13. Bf4 Nd5 14. Qd1 Nxf4 15.
gxf4 Qd5 16. e3 Rab8 17. b3 Rb5 18. Ne1 Bxg2 19. Nxg2 Bd6 20. Rc1 Ne7 21. Nh4
Ng6 22. Nxg6 hxg6 23. Qg4 Rfb8 24. Rc4 g5 25. fxg5 Qxg5 26. Qxg5 Rxg5+ 27. Kh1
Rbb5 28. f4 Rgf5 29. Rc6 Ra5 30. Rf2 Kf8 31. Rc4 g5 32. Kg2 gxf4 33. exf4 Rh5
34. Kg3 Rag5+ 35. Kf3 Rh3+ 36. Ke2 Rgh5 37. Nc5 a5 38. Na6 Rxh2 39. Nxc7 Bxf4
40. Na6 Bd6 41. Nc5 Rxf2+ 42. Kxf2 Rh2+ 43. Ke3 Bxc5 44. dxc5 Ke7 45. c6 Kd8
46. Rd4+ Kc7 47. Rd7+ Kxc6 48. Rxf7 Rxa2 49. Kd3 Rb2 50. Kc4 Rc2+ 51. Kd4 Rc3
52. Ra7 Kb6 53. Re7 Rxb3 54. Rxe6+ Kb5 0-1

[Event "2017 Red Deer Open"]
[Site "?"]
[Date "2017.05.14"]
[Round "5"]
[White "Tran-Ly, Tristan"]
[Black "Findlay, Ian"]
[Result "0-1"]
[WhiteElo "1985"]
[BlackElo "2292"]
[PlyCount "68"]
[EventDate "2017.??.??"]
[SourceDate "2017.09.01"]

1. d4 Nf6 2. c4 c5 3. d5 e6 4. Nc3 exd5 5. cxd5 d6 6. Nf3 g6 7. h3 Bg7 8. Bf4
O-O 9. e3 a6 10. a4 Re8 11. Bd3 Nfd7 12. O-O Ne5 13. Nxe5 Bxe5 14. Bxe5 Rxe5
15. e4 Nd7 16. f4 Re8 17. Qf3 f6 18. Rae1 Qc7 19. e5 dxe5 20. f5 g5 21. Qh5 Rf8
22. Ne4 c4 23. Bb1 b5 24. Nxg5 Qc5+ 25. Kh1 fxg5 26. f6 Rf7 27. Bxh7+ Rxh7 28.
f7+ Kh8 29. f8=Q+ Nxf8 30. Qe8 Bb7 31. Qxe5+ Rg7 32. Rf7 Ne6 33. Rxb7 Re8 34.
dxe6 Qxe5 0-1

[Event "2017MOK"]
[Site "Calgary"]
[Date "2017.??.??"]
[Round "5.1"]
[White "Ng, Gary"]
[Black "Findlay, Ian"]
[Result "1-0"]
[WhiteElo "2354"]
[BlackElo "2290"]
[PlyCount "49"]
[EventDate "2017.??.??"]
[SourceDate "2017.09.01"]

1. Nf3 Nf6 2. c4 e6 3. g3 d5 4. Bg2 Be7 5. O-O O-O 6. d4 dxc4 7. Ne5 Nc6 8.
Nxc6 bxc6 9. Na3 c3 10. bxc3 Nd5 11. Qc2 Rb8 12. e4 Nb6 13. Rd1 Ba6 14. c4 Qc8
15. c5 Nd7 16. Nc4 Bxc4 17. Qxc4 Rd8 18. Be3 Qb7 19. Qc2 f6 20. Rab1 Qa6 21.
Bf1 Qa5 22. a4 Rb4 23. Rxb4 Qxb4 24. Rb1 Qa5 25. Bg2 1-0

[Event "2017 Alberta Seniors Championship"]
[Site "?"]
[Date "2017.04.08"]
[Round "1"]
[White "Daniluk, Jim"]
[Black "Findlay, Ian"]
[Result "1/2-1/2"]
[WhiteElo "1964"]
[BlackElo "2300"]
[PlyCount "67"]
[EventDate "2017.??.??"]
[SourceDate "2017.09.01"]

1. d4 Nf6 2. Nf3 e6 3. c4 c5 4. d5 exd5 5. cxd5 d6 6. Nc3 g6 7. e4 Bg7 8. Bb5+
Nbd7 9. a4 a6 10. Be2 O-O 11. O-O Re8 12. h3 Nxe4 13. Nxe4 Rxe4 14. Bd3 Re8 15.
Bg5 Nf6 16. Qd2 Qc7 17. Rfe1 Bd7 18. Nh2 Rxe1+ 19. Rxe1 Re8 20. Rxe8+ Bxe8 21.
Bxf6 Bxf6 22. Ng4 Bd4 23. b3 Qe7 24. Qa5 Bd7 25. Nh2 b6 26. Qd2 b5 27. Nf3 Bf6
28. Qa5 c4 29. bxc4 bxa4 30. Bc2 Qe8 31. Qxa6 Be7 32. Qa7 Bf6 33. Qa6 Be7 34.
Qa7 1/2-1/2

[Event "2017JohnSchleinich"]
[Site "Calgary"]
[Date "2017.??.??"]
[Round "1.2"]
[White "Malek, Omid"]
[Black "Findlay, Ian"]
[Result "0-1"]
[WhiteElo "2182"]
[BlackElo "2289"]
[PlyCount "36"]
[EventDate "2017.??.??"]
[SourceDate "2017.09.01"]

1. d4 Nf6 2. Bg5 Ne4 3. Bf4 d5 4. e3 c5 5. Bd3 cxd4 6. exd4 Nc6 7. Bxe4 dxe4 8.
Ne2 g6 9. d5 Bg7 10. Nbc3 Ne5 11. O-O Nc4 12. b3 Nd6 13. Rb1 Bg4 14. Qe1 Rc8
15. Rc1 O-O 16. Nd1 e6 17. Ne3 Bxe2 18. Qxe2 e5 0-1

[Event "2017 Alberta Seniors Championship"]
[Site "?"]
[Date "2017.04.08"]
[Round "3"]
[White "Karmali, Hafiz"]
[Black "Findlay, Ian"]
[Result "1/2-1/2"]
[WhiteElo "1982"]
[BlackElo "2300"]
[PlyCount "121"]
[EventDate "2017.??.??"]
[SourceDate "2017.09.01"]

1. d4 Nf6 2. c4 c5 3. Nf3 cxd4 4. Nxd4 e5 5. Nc2 d5 6. cxd5 Qxd5 7. Nc3 Qxd1+
8. Nxd1 Nc6 9. Nc3 Bf5 10. Ne3 Be6 11. g3 Bb4 12. Bg2 Rc8 13. O-O Bxc3 14. bxc3
O-O 15. Rb1 b6 16. a4 Rfd8 17. Rd1 Rxd1+ 18. Nxd1 h6 19. e4 Na5 20. Ba3 Nc4 21.
Be7 Nd7 22. f4 f6 23. f5 Bf7 24. Nb2 Nxb2 25. Rxb2 Rxc3 26. a5 Bc4 27. Rd2 Rd3
28. Rxd3 Bxd3 29. axb6 axb6 30. Kf2 Kf7 31. Bb4 Nc5 32. Ke3 Bc2 33. Bf3 Ke8 34.
Bxc5 bxc5 35. Kd2 Ba4 36. Kc3 Bb5 37. Bd1 Ke7 38. Bc2 Kd6 39. Bd1 Be8 40. Be2
Bf7 41. Bd1 Ba2 42. Bc2 Bg8 43. Ba4 Bf7 44. Bc2 Bh5 45. Bd3 Bf7 46. Bc2 h5 47.
h4 g6 48. fxg6 Bxg6 49. Kc4 Bf7+ 50. Kc3 Kc6 51. Ba4+ Kb6 52. Bc2 Kb5 53. Bd1
c4 54. g4 hxg4 55. Bxg4 Bg6 56. Bf5 Bf7 57. Bg4 Bg6 58. Bf5 Bf7 59. Bg4 Bg6 60.
Bf5 Bf7 61. Bg4 1/2-1/2

[Event "2017 Alberta Seniors Championship"]
[Site "?"]
[Date "2017.04.08"]
[Round "1"]
[White "Majaducon, Willy"]
[Black "Frialde, Arniel"]
[Result "0-1"]
[WhiteElo "2169"]
[BlackElo "1821"]
[PlyCount "74"]
[EventDate "2017.??.??"]
[SourceDate "2017.09.01"]

1. d4 Nf6 2. c4 c5 3. d5 d6 4. Nc3 g6 5. e4 Bg7 6. Nf3 O-O 7. Be2 e5 8. O-O h6
9. h3 a6 10. Be3 Nh5 11. Qd2 Kh7 12. Rab1 f5 13. exf5 Bxf5 14. Rbc1 Nf4 15.
Bxf4 exf4 16. Bd3 Nd7 17. Bxf5 Rxf5 18. Rfe1 Ne5 19. Qe2 b5 20. cxb5 axb5 21.
b3 b4 22. Ne4 Nxf3+ 23. gxf3 Qh4 24. Kg2 Re8 25. Rh1 Bd4 26. Rc2 Re7 27. Kh2
Rh5 28. Qf1 Rxe4 29. fxe4 Bxf2 30. Rg1 Bxg1+ 31. Kxg1 Qg3+ 32. Qg2 Rxh3 33.
Qxg3 Rxg3+ 34. Kf2 Re3 35. Re2 Rxe2+ 36. Kxe2 Kg7 37. Kf3 g5 0-1

[Event "InternationalQualifier"]
[Site "Calgary"]
[Date "2017.??.??"]
[Round "1.8"]
[White "Scholz, Mike"]
[Black "Gallemaso, Bong"]
[Result "0-1"]
[WhiteElo "1457"]
[BlackElo "2032"]
[PlyCount "66"]
[EventDate "2017.??.??"]
[SourceDate "2017.09.01"]

1. e4 c6 2. Nc3 d5 3. exd5 cxd5 4. d4 Nf6 5. Bb5+ Nc6 6. Nf3 a6 7. Bxc6+ bxc6
8. O-O Bg4 9. Qd3 e6 10. Ne5 Bf5 11. Qe2 Qc7 12. b3 Bd6 13. Bf4 O-O 14. Na4 Nd7
15. Nxd7 Bxf4 16. Nxf8 Bxh2+ 17. Kh1 Rxf8 18. Nc5 Bd6 19. Nxa6 Qe7 20. Qh5 Bg6
21. Qh3 Qf6 22. Nc5 Qxd4 23. Nxe6 Qe5 24. Nxf8 Bxf8 25. Rfe1 Qf6 26. c3 Bf5 27.
Qg3 g6 28. Re8 Kg7 29. f4 Bd6 30. Rae1 Bd7 31. R8e2 Bxf4 32. Qf2 Qg5 33. Qg1
Qh4+ 0-1

[Event "2017 Northern Alberta Open"]
[Site "?"]
[Date "2017.02.18"]
[Round "5"]
[White "Ivanescu, Cristian"]
[Black "Gardner, Robert"]
[Result "1-0"]
[WhiteElo "1781"]
[BlackElo "2288"]
[PlyCount "105"]
[EventDate "2017.??.??"]
[SourceDate "2017.09.01"]

1. d4 Nf6 2. Nf3 e6 3. Bf4 b6 4. Nbd2 Bb7 5. e3 Be7 6. h3 O-O 7. Bd3 d5 8. Qe2
Ne4 9. O-O-O c5 10. c3 c4 11. Bc2 b5 12. Nxe4 dxe4 13. Nd2 f5 14. g4 Nd7 15.
gxf5 exf5 16. Rdg1 Nf6 17. Rh2 Nd5 18. Rhg2 Bf6 19. Bg5 Rf7 20. f3 b4 21. Bxf6
Qxf6 22. fxe4 bxc3 23. Nxc4 cxb2+ 24. Nxb2 Nc3 25. Qc4 Rc8 26. Rxg7+ Qxg7 27.
Rxg7+ Kxg7 28. Qe6 fxe4 29. Nc4 Nxa2+ 30. Kb2 Nb4 31. Bb3 Nd3+ 32. Ka3 Rc6 33.
Nd6 Ra6+ 34. Ba4 Rf1 35. Qe7+ Kg6 36. Nxb7 Ra1+ 37. Kb3 R1xa4 38. Qxe4+ Kf6 39.
Qh4+ Kg7 40. Qe7+ Kh6 41. Qf8+ Kh5 42. Qe8+ Kh4 43. Qxa4 Rxa4 44. Kxa4 Kxh3 45.
Nc5 Nb2+ 46. Kb5 Nd1 47. e4 Kg4 48. d5 Kg5 49. e5 Kg6 50. d6 Kf7 51. e6+ Ke8
52. Nb7 Nc3+ 53. Kc6 1-0

[Event "2017MOK"]
[Site "Calgary"]
[Date "2017.??.??"]
[Round "4.1"]
[White "Findlay, Ian"]
[Black "Haessel, Dale"]
[Result "1-0"]
[WhiteElo "2290"]
[BlackElo "2286"]
[PlyCount "61"]
[EventDate "2017.??.??"]
[SourceDate "2017.09.01"]

1. e4 e5 2. Nf3 Nc6 3. Bc4 Bc5 4. c3 Nf6 5. d3 d6 6. O-O O-O 7. Re1 Bb6 8. a4
a6 9. Nbd2 Ne7 10. a5 Ba7 11. Nf1 Ng6 12. h3 Be6 13. Bb3 Nh5 14. d4 Nhf4 15.
Ng3 Qf6 16. Bc2 h6 17. Nf5 Rfb8 18. Be3 Bxf5 19. exf5 Ne7 20. dxe5 dxe5 21.
Bxa7 Rxa7 22. Rxe5 Raa8 23. Qd4 g5 24. fxg6 fxg6 25. Rxe7 Nxh3+ 26. gxh3 Qxe7
27. Bxg6 Rd8 28. Qg4 Rf8 29. h4 Kh8 30. h5 Qe2 31. Kg2 1-0

[Event "Alberta Closed"]
[Site "?"]
[Date "2017.04.15"]
[Round "2"]
[White "Kazmaier, Daniel"]
[Black "Haessel, Dale"]
[Result "0-1"]
[WhiteElo "2302"]
[BlackElo "2284"]
[PlyCount "58"]
[EventDate "2017.??.??"]
[SourceDate "2017.09.01"]

1. d4 Nf6 2. Bg5 d5 3. Bxf6 exf6 4. e3 f5 5. c4 dxc4 6. Nc3 Bd6 7. Bxc4 O-O 8.
Qf3 Nd7 9. Nge2 Nf6 10. O-O-O c6 11. Kb1 Qe7 12. h3 g6 13. Rhg1 h5 14. Nf4 Kg7
15. d5 Bd7 16. dxc6 Bxc6 17. Ncd5 Qe5 18. Rd4 Bc5 19. Nd3 Bxd4 20. Nxe5 Bxe5
21. Rd1 Rad8 22. Rd3 b5 23. Bb3 Rd6 24. Qd1 Nxd5 25. Bxd5 Rfd8 26. f4 Bf6 27.
Bxc6 Rxd3 28. Qf3 Rd1+ 29. Kc2 R8d2+ 0-1

[Event "Alberta Closed"]
[Site "?"]
[Date "2017.04.16"]
[Round "5"]
[White "Arruebarrena, Rafael"]
[Black "Haessel, Dale"]
[Result "1/2-1/2"]
[WhiteElo "2324"]
[BlackElo "2284"]
[PlyCount "92"]
[EventDate "2017.??.??"]
[SourceDate "2017.09.01"]

1. e4 e5 2. Nf3 Nc6 3. Bb5 Nf6 4. O-O Nxe4 5. d4 Nd6 6. Bxc6 dxc6 7. dxe5 Nf5
8. Qxd8+ Kxd8 9. Nc3 Ke8 10. h3 h5 11. Bf4 Be7 12. Rad1 Be6 13. Ng5 Rh6 14. g3
Bxg5 15. Bxg5 Rg6 16. h4 f6 17. exf6 gxf6 18. Bf4 Nxh4 19. f3 Rd8 20. Kf2 Nf5
21. Bxc7 Rxd1 22. Rxd1 Kf7 23. Ne2 Bc4 24. Nf4 Rxg3 25. b3 Ba6 26. Rd7+ Ke8 27.
Rh7 h4 28. Ne6 Rg6 29. Bf4 Ne7 30. Nc7+ Kd8 31. Nxa6 bxa6 32. Rxh4 Rg7 33. Be3
Nd5 34. Bc5 Nb6 35. c4 a5 36. Bd4 Ke7 37. a4 Ke6 38. Re4+ Kf5 39. Ke3 Rf7 40.
Re8 Rb7 41. Kd3 Nd7 42. Kc3 Kf4 43. Re6 c5 44. Bxf6 Kf5 45. Rc6 Nxf6 46. Rxc5+
Kf4 1/2-1/2

[Event "2017MOK"]
[Site "Calgary"]
[Date "2017.??.??"]
[Round "2.3"]
[White "Timmerman, Brian"]
[Black "Haessel, Dale"]
[Result "0-1"]
[WhiteElo "1754"]
[BlackElo "2286"]
[PlyCount "62"]
[EventDate "2017.??.??"]
[SourceDate "2017.09.01"]

1. e4 e5 2. Nf3 Nc6 3. Bb5 a6 4. Ba4 Nf6 5. O-O Be7 6. Re1 b5 7. Bb3 O-O 8. c3
d6 9. h3 Nb8 10. d4 Nbd7 11. Nbd2 Bb7 12. Bc2 Re8 13. Nf1 Bf8 14. Ng3 g6 15. a4
c5 16. d5 c4 17. Bg5 h6 18. Be3 Qc7 19. Qd2 h5 20. Ra3 Nc5 21. Rea1 Nfd7 22.
axb5 axb5 23. Rxa8 Rxa8 24. Rxa8 Bxa8 25. Bh6 Bg7 26. Bg5 Nf6 27. Qe2 Qa7 28.
Qd1 Bb7 29. Nh4 Bc8 30. Kh2 Ng4+ 31. hxg4 Bxg4 0-1